Chapter 2 Remix - Outfits - Statistics

General Stats
  • This quiz has been taken 3 times
  • The average score is 9 of 20
Answer Stats
Picture Answer % Correct
Ice Spice
100%
Juice Wrld
100%
Snoop Dogg
100%
Meowdas
67%
10-Ball
33%
1-Ball
33%
Arkon
33%
Champion Drake
33%
Chaos Director
33%
Dark Doggo
33%
Dynamo TNTina
33%
Hexed Haze
33%
Lady Of Cranes
33%
LBC '93 Dogg
33%
Rap Boy Reloaded
33%
Rap Princess Ice Spice
33%
Rosette Tigeress
33%
Slayer Juice Wrld
33%
Star Assassin
33%
Undercover Skye
33%
No matching quizzes found
Score Distribution
Percent of People with Each Score
Percentile by Number Answered
Your Score History
You have not taken this quiz